000 01202cam a22003497a 4500
003 CHAP
005 20220329142541.0
008 971013s1961 es r 00010 sp d
010 _a84796
011 _a85768
035 _a96304
040 _cCHAP
082 0 0 _a631.521
_bA86Y
110 2 _aAsociación Internacional de Ensayos de Semillas
_98017
245 1 0 _aReglas internacionales de análisis de semillas
_c/por Asociación Internacional para el Ensayo de Semillas
260 _aMadrid :
_bMinisterio de Agricultura,
_c1964.
300 _a111p.
410 0 0 _aMinisterio de Agricultura.
490 0 _aManuales técnicos
_v; 27
590 _aBATCH-UPD
_b10
_c20130110
_lUCH01
_h0706
590 _aBATCH-UPD
_b10
_c20130410
_lUCH01
_h0352
590 _aBATCH-UPD
_b10
_c20130914
_lUCH01
_h1744
590 _aCONVERSION
_b10
_c20130109
_lUCH01
_h1347
650 1 4 _aSemillas
_xAnálisis.
_9103878
650 1 4 _aSemillas
_xCertificación.
_9103883
810 0 0 _aMinisterio de Agricultura.
_975958
830 0 _aManuales técnicos
_v; 27
_970697
901 _aBK
905 _aAlejandra Carrasco M.
942 _cLIBRO
949 _a631.521 A86Y 1964
_bBC
_cLIBRO
_d33724002053694
_eLIBRO
_h101823
_i96304
_si
999 _c84796
_d84796